00509nam a2200193 a 4500001001300000003000900013005001700022008004100039020002600080082001300106100001800119245005200137260002900189300000900218500003500227505001000262650002500272700001800297nice12345678IN_TiNIC20260116013047.0050524s1995 newa grp 000 0 eng  a0264670 c803.3300a291bHAR aHart, David A aOne Faith? Non Realism and the World of Faiths. aNew YorkbMowbray c1995 a178p aincludes index and biblioraphy2 aIndex aComparative Religion1 aHart, David A